Devinez le groupe de musique - Statistiques

Statistiques générales
  • Ce quiz a été pris 394 fois
  • Le résultat moyen est 4 sur 15
Statistiques - réponses
Membre du groupe Groupe % Correct
Axl Rose Guns N' Roses
72%
Steven Tyler Aerosmith
63%
Nick Mason Pink Floyd
52%
John Bonham Led Zeppelin
49%
Ritchie Blackmore Deep Purple
35%
Roger Hodgson Supertramp
35%
Steve Hackett Genesis
14%
Ian Anderson Jethro Tull
10%
Chris Squire Yes
9%
Steven Wilson Porcupine Tree
7%
Kevin Parker Tame Impala
7%
Andrew Latimer Camel
2%
Alan Shacklock Babe Ruth
1%
Dave Cousin Strawbs
1%
Peter Agnew Nazareth
0%
Aucun quiz correspondant
Distribution des résultats
% des personnes avec chaque résultat
Percentile par nombre de réponses
Votre historique - résultats
Vous n’avez pas pris ce quiz